Handbook Research in Library and Information Science / (Record no. 529581)

000 -LEADER
fixed length control field 00384nam a22001457a 4500
003 - CONTROL NUMBER IDENTIFIER
control field NUST
020 ## - INTERNATIONAL STANDARD BOOK NUMBER
International Standard Book Number 8124202524
Qualifying information H/B.
038 ## - RECORD CONTENT LICENSOR
Staff Name waseem
082 ## - DEWEY DECIMAL CLASSIFICATION NUMBER
Classification number 025
Author Mark KHA
100 ## - MAIN ENTRY--PERSONAL NAME
Personal name Khanna, J.K.
9 (RLIN) 21905
245 ## - TITLE STATEMENT
Title Handbook Research in Library and Information Science /
Statement of responsibility, etc. J.K. Khanna
260 ## - PUBLICATION, DISTRIBUTION, ETC.
Place of publication, distribution, etc. New Delhi :
Name of publisher, distributor, etc. Crest Publishing House,
Date of publication, distribution, etc. 2001.
300 ## - PHYSICAL DESCRIPTION
Extent 488 p. ;
942 ## - ADDED ENTRY ELEMENTS (KOHA)
Source of classification or shelving scheme
Koha item type Book
Holdings
Withdrawn status Lost status Source of classification or shelving scheme Damaged status Not for loan Permanent Location Current Location Shelving location Date acquired Total Checkouts Full call number Barcode Date last seen Price effective from Koha item type
          Central Library (CL) Central Library (CL) First Floor - Journalism 09/28/2019   025 KHA NBS6536 03/04/2020 09/28/2019 Book
© 2023 Central Library, National University of Sciences and Technology. All Rights Reserved.